Central Library OPAC University of Rajshahi

Data networks / (Record no. 588)

MARC details
000 -LEADER
fixed length control field 00781nam a2200253 a 4500
001 - CONTROL NUMBER
control field 588
003 - CONTROL NUMBER IDENTIFIER
rucl marc code BD-RjUL
005 - DATE AND TIME OF LATEST TRANSACTION
control field 20211208233213.0
008 - FIXED-LENGTH DATA ELEMENTS--GENERAL INFORMATION
fixed length control field 910911r2004 njua b 001 0 eng d
020 ## - INTERNATIONAL STANDARD BOOK NUMBER
International Standard Book Number 8120307801
035 ## - SYSTEM CONTROL NUMBER
System control number (BD-RjUL)606
040 ## - CATALOGING SOURCE
Original cataloging agency DLC
Transcribing agency DLC
Modifying agency BOS
-- BD-RjUL
Language of cataloging eng
041 ## - LANGUAGE CODE
Language code of text/sound track or separate title eng
082 ## - DEWEY DECIMAL CLASSIFICATION NUMBER
Edition number 23
Classification number 004.6
Author mark and year BED 1992
100 1# - MAIN ENTRY--PERSONAL NAME
Personal name Bertsekas, Dimitri P.
9 (RLIN) 1803
245 10 - TITLE STATEMENT
Title Data networks /
Statement of responsibility, etc. Dimitri Bertsekas, Robert Gallager.
250 ## - EDITION STATEMENT
Edition statement 2nd ed.
260 ## - PUBLICATION, DISTRIBUTION, ETC. (IMPRINT)
Place of publication, distribution, etc. Englewood Cliffs, N.J. :
Name of publisher, distributor, etc. Prentice Hall,
Date of publication, distribution, etc. c1992 [reprinted 2004].
300 ## - PHYSICAL DESCRIPTION
Pagination xix, 556 p. :
Illustrations ill. ;
Size 24 cm.
504 ## - BIBLIOGRAPHY, ETC. NOTE
Bibliography, etc Includes bibliographical references (p. 537-551) and index.
650 #0 - SUBJECT ADDED ENTRY--TOPICAL TERM
Topical term or geographic name as entry element Data transmission systems.
9 (RLIN) 408
700 1# - ADDED ENTRY--PERSONAL NAME
Personal name Gallager, Robert G.
942 ## - ADDED ENTRY ELEMENTS (KOHA)
Source of classification or shelving scheme Dewey Decimal Classification
Koha item type Books
Holdings
Lost status Source of classification or shelving scheme Damaged status Not for loan Collection code Permanent Location Current Location Shelving location Date acquired Source of acquisition Cost, normal purchase price Total Checkouts Full call number Date last seen Copy number Koha item type
  Dewey Decimal Classification     Non-fiction Central Library, University of Rajshahi Central Library, University of Rajshahi   16/08/2007 Paragon Enterprises Ltd. 250.00   004.6 BED 2004 18/11/2013 C-3 Books
  Dewey Decimal Classification     Non-fiction Central Library, University of Rajshahi Central Library, University of Rajshahi   16/08/2007 dhaka, paragon Enterprice ltd. 250.00   004.6 BED 2004 16/11/2016 C-2 Books
  Dewey Decimal Classification   Not For Loan Non-fiction Central Library, University of Rajshahi Central Library, University of Rajshahi Reading Room 10/08/2000 Dhaka Ankur Prokasony 155.00   004.6 BED 1992 26/11/2018 C-1 Books